| 000 | 00377nam a2200157Ia 4500 | ||
|---|---|---|---|
| 008 | 221030s9999 xx 000 0 und d | ||
| 020 | _a8131507483 | ||
| 041 | _aEnglish | ||
| 082 | _a105.23 | ||
| 100 | _aM. T. Simpson | ||
| 245 | 0 | _aEthical Hacking & Network Defence | |
| 260 |
_bCengage Learning _aNew Delhi _c2009 |
||
| 300 | _a357 | ||
| 650 | _aBE Computer | ||
| 942 | _cBK | ||
| 999 |
_c6411 _d6411 |
||